000 00339nam a22001457a 4500
003 SGT
020 _a978-93-85005-35-0
082 _a610.72
_bR18P
100 _aPATIL,AJIT
245 _aRESEARCH METHODOLOGY & MEDICAL STATISTICS
260 _aVARANASI
_bCHAUKHAMBA PUB
_c2018
300 _a221
650 _aAYURVEDA
942 _2ddc
_cBK
_066
999 _c16591
_d16591